| 000 | 00878cam a2200289 4500 | ||
|---|---|---|---|
| 001 | 18460 | ||
| 003 | BD-RjUL | ||
| 005 | 20211209000305.0 | ||
| 008 | 140220s1969 nyu b 001 0 eng d | ||
| 035 | _a(BD-RjUL)18518 | ||
| 040 |
_aDLC _cDLC _dBD-RjUL _beng |
||
| 041 | _aeng | ||
| 082 | 0 | 0 |
_a823.912 _bCAD 1969 |
| 100 | 1 |
_aCavitch, David. _956878 |
|
| 245 | 1 | 0 | _aD. H. Lawrence and the New World / |
| 260 |
_aNew York : _bOxford University Press, _c1969. |
||
| 300 |
_a 232 p. ; _c22 cm. |
||
| 350 | _a6.00 | ||
| 500 | _aIncludes index. | ||
| 504 | _aBibliographical references included in "Notes" (p. 219-227) | ||
| 600 | 1 | 0 |
_aLawrence, D. H. _q(David Herbert), _d1885-1930 _xKnowledge _xAmerica. _956894 |
| 650 |
_a literature _zAmerica _956880 |
||
| 651 | 0 |
_aAmerica _xIn literature. _956881 |
|
| 942 |
_2ddc _cBK |
||
| 999 |
_c18460 _d18460 |
||